000
00320nam a22001217a 4500
008
181025b xxu||||| |||| 00| 0 eng d
041
_a
eng
080
_a
941
100
_a
16
101
_a
HIS
245
_a
The First U.S. History Survey Text Present U.S Historry With GlobalContext
_c
Kirk .A
942
_2
udc
_c
BK
999
_c
50887
_d
50887